| 000 | 01409nam a22003855i 4500 | ||
|---|---|---|---|
| 003 | EG-ScBUE | ||
| 005 | 20221205103411.0 | ||
| 008 | 170508s2013 ko a f b 000 0 eng d | ||
| 020 | _a9788973755820 | ||
| 020 | _a9788973755783 (set) | ||
| 040 |
_aEG-ScBUE _beng _erda _cEG-ScBUE _dEG-ScBUE |
||
| 041 | 1 |
_aeng _hkor |
|
| 043 | _aa-ko--- | ||
| 082 | 0 | 4 |
_a720.95195 _bJIN _222 |
| 100 | 1 |
_aJinyoung, Lim, _eauthor. |
|
| 245 | 1 | 0 |
_aK-architecture : _btradition meets modernity / _c[writer, Lim Jinyoung, Ryoo Seong Lyong ; translator, Colin Mouat, Ben Jackson] |
| 264 | 1 |
_a[Sejong-si] : _bKorean Culture and Information Service, Ministry of Culture, Sports and Tourism, _c2013. |
|
| 300 |
_a131 pages : _bcolor illustrations ; _c20 cm. |
||
| 336 |
_2rdacontent _atext _btxt |
||
| 337 |
_2rdamedia _aunmediated _bn |
||
| 338 |
_2rdacarrier _avolume _bnc |
||
| 490 | 0 |
_aKorean culture ; _vno. 12. |
|
| 504 | _aIncludes bibliographical references. | ||
| 546 | _aText in English ; translated from original Korean. | ||
| 650 | 7 |
_aArchitecture, Korean. _2BUEsh |
|
| 650 | 7 |
_aArchitecture _zKorea (South) _2BUEsh _914690 |
|
| 651 | _2BUEsh | ||
| 653 |
_bENGARC _bGGEN _cMay2017 |
||
| 655 | _vReading book | ||
| 700 | 1 |
_aLyong, Ryoo Seong, _eauthor. |
|
| 700 | 1 |
_aMouat, Colin, _etranslator. |
|
| 700 | 1 |
_aJackson, Ben, _etranslator. |
|
| 942 |
_2ddc _cBB |
||
| 999 |
_c24793 _d24765 |
||